Major Villains in Pokémon - Statistics

General Stats
  • This quiz has been taken 428 times
    225 since last reset
  • The average score is 20 of 45
Answer Stats
Position|Team Member % Correct
Leader: Rocket Giovanni
97%
King: Plasma N
84%
Boss: Galactic Cyrus
80%
Commander: Galactic Jupiter
79%
Commander: Galactic Mars
79%
Leader: Magma Maxie
78%
Commander: Galactic Saturn
78%
Leader: Aqua Archie
77%
Leader: Plasma Ghetsis
75%
Boss: Flare Lysandre
72%
President: Aether Lusamine
68%
Boss: Skull Ya Boi Guzma
68%
Macro Cosmos: President Chariman Rose
56%
Exectuive: Rocket Archer
47%
Former Member: Plasma Colress
47%
Branch Chief: Aether Faba
45%
Admin: Skull Plumeria
44%
Admin: Magma Courtney
43%
Admin: Aqua Shelly
43%
Admin: Magma Tabitha
41%
Macro Cosmos: Secretary Oleana
40%
Executive: Rocket Ariana
37%
Admin: Aqua Matt
37%
Team Star: Boss Eri
36%
Executive: Rocket Proton
36%
Team Star: Former Leader Cassiopeia
34%
Commander: Galactic Charon
34%
Executive: Rocket Petrel
34%
Team Star: Boss Giacomo
33%
Member: Flare Malva
33%
Team Star: Boss Mela
33%
Scientist: Flare Xerosic
32%
Sage: Plasma Zinzolin
32%
Team Star: Boss Ortega
30%
Team Star: Boss Atticus
28%
Scientist: Flare Mable
23%
Sage: Plasma Rood
22%
Scientist: Flare Bryony
17%
Scientist: Flare Celosia
15%
Sage: Plasma Gorm
15%
Scientist: Flare Aliana
14%
Sage: Plasma Bronius
13%
Sage: Plasma Ryoku
11%
Sage: Plasma Giallo
10%
Butler: Flare Chalmers
7%
No matching quizzes found
Score Distribution
Percent of People with Each Score
Percentile by Number Answered
Your Score History
You have not taken this quiz since the last reset